| 000 | 00457nam a2200217Ia 4500 | ||
|---|---|---|---|
| 003 | IT-RoPAU | ||
| 008 | 120407s9999 xx 000 0 und d | ||
| 040 | _aIT-RoPAU | ||
| 040 | _cIT-RoPAU | ||
| 041 | _aita | ||
| 100 | _aCorrado M. Berti | ||
| 245 | _aLa “Ineffabilis Deus” di papa Pio IX | ||
| 250 | _aRoma | ||
| 260 | _aMarianum | ||
| 260 | _c1963 | ||
| 300 | _a129 p. | ||
| 300 | _c24 cm | ||
| 490 | _v1 | ||
| 942 | _cBK | ||
| 999 |
_c25122 _d25122 |
||